| 000 | 00831cab a2200265 4500 | ||
|---|---|---|---|
| 001 | ABS52947 | ||
| 008 | 090401t1995 xxu||||| |||| 00| 0 eng d | ||
| 035 | _a(Sirsi) u1039 | ||
| 041 | _aeng | ||
| 100 | _aWaterhouse, R. | ||
| 245 | _aImplementing project management: is the client the problem? | ||
| 260 | _c1995 | ||
| 350 | _a0 | ||
| 490 |
_aCSM (Chartered Surveyor Monthly) _v4(7) May 1995, 26-27(2) |
||
| 520 | _aConsiders the interpretation of the term project manager and offers a solution to the confusion surrounding the phrase. | ||
| 650 | _aCODE OF PRACTICE FOR PROJECT MANAGEMENT | ||
| 650 | _aCONSTRUCTION INDUSTRY | ||
| 650 | _aDEVELOPMENT PROCESS | ||
| 650 | _aLATHAM REFORMS | ||
| 650 | _aPROJECT MANAGER | ||
| 650 | _aROLE | ||
| 690 |
_aProject management _96261 |
||
| 942 | _n0 | ||
| 948 | _c04/03/1997 | ||
| 999 |
_c573 _d573 |
||